LEADER 01584nam a2200349 4500 001 000000352309 003 CaOOAMICUS 005 20221205100153.0 008 221116s2010 it a 000 u ita r 020 $a978-88-250-2593-4$cMessaggero 020 $a978-88-7135-484-2$cVelar 020 $a978-88-96239-10-0$cSanta Casa 040 $aSeMil$bita 100 1 $aSalvoldi, Valentino.$0(OLS)http://semarc/name/17417 245 10$a1: La donna del ś /$cValentino Salvoldi. 264 1$aPadova :$bMessaggero ;$aGorle :$bVelar ;$aLoreto :$bEdizioni Santa Casa,$c2010. 300 $a223 p. :$bill. ;$c25 cm 500 $aIn custodia 541 0 $aOmaggio mons. Mario Delpini (5E VI 27) 773 0 $aSalvoldi, Valentino$tLodi a Maria e arte in suo onore.$dPadova : Messaggero ; Gorle : Velar, 2010-2011.$g1$w()352307 850 $aSeMil 852 $aSeMil$W1$xVenegono$y1$m5E VI 27$j235707$B243491$CSeMilBibl$Z2$F243491 $81 941 1 $a7 961 $aOmaggio mons. Mario Delpini 996 $6020$a978-88-96239-10-0$cSanta Casa $9(OLS)http://semarc/number/297194 996 $6020$a978-88-7135-484-2$cVelar$9(OLS)http://semarc/number/297193 996 $6020$a978-88-250-2593-4$cMessaggero$9(OLS)http://semarc/number/297192 996 $6245$a1: La donna del ś$9(OLS)http://semarc/title/442110 996 $6264$aPadova :$bMessaggero$9(OLS)http://semarc/publisher/29786 996 $6264$aGorle :$bVelar$9(OLS)http://semarc/publisher/33489 996 $6264$aLoreto :$bEdizioni Santa Casa$9(OLS)http://semarc/publisher/30347 LEADER 00742nam a2200205 i 4500 001 000000191776 003 CaOOAMICUS 005 20100825000000.0 008 100825n it u000 u ita u 013 $a170348 040 $aSeMil$bita 245 10$aVolume 3. 300 $a535 p. 500 $aContiene : Indice bibliografico. 600 04$aDe Paoli, Vincenzo .$0(OLS)http://semarc/subject/2139 773 0 $aCoste, Pierre <1873-1935>$tGrande santo del gran secolo.$dRoma : Direzione «Annali della Missione», 1934.$w()23706 850 $aSeMil 852 $aSeMil$W1$xVenegono$y1$m3H V 243$j142384$B142384$CSeMilBibl$Z2$F153919 $81 961 $aOmaggio: Donazione 996 $6245$aVolume 3$9(OLS)http://semarc/title/24829 LEADER 01688nam a2200277 i 4500 001 000000052462 003 CaOOAMICUS 005 20230927143942.0 008 110511s1717 it u000 u ita u 026 $ae-3. .b.a s.r. gnme (3) 1717 (R) 040 $aSeMil$bita 100 1 $aMagri, Domenico,$d<1604-1672>.$0(OLS)http://semarc/name/12972 245 10$aNotizia de' vocaboli ecclesiastici, con la dichiarazione delle cerimonie, & origine delli riti sacri, voci barbare, e frasi usate da' santi padri, concilij, e scrittori ecclesiastici; raccolta da Domenico Magri .. 250 $aSettima impressione, corretta, & accresciuta d'alcune osservazioni, segnate con questo * segno. 260 $aVenezia :$bNella stamperia Baglioni,$c1717. 300 $a[16], 470 [i.e.: 472] p. ;$c4°. 500 $aLe p. 319-320 ripetute nella numerazione 500 $aMarca editoriale: Aquila bicipite con una corona tra le due teste. In una cornice vegetale; in basso al centro iniziali PB intrecciate simmetricamente (Repertorio consultato: Marte, BNC Roma). 500 $aTesto su due colonne 500 $aIniz., fregi xilogr. 700 1 $aBaglioni,$c.$0(OLS)http://semarc/name/475 850 $aSeMil 852 $aSeMil$W1$xVenegono$y1$m1A I 48 FA$j18616$B18616$CSeMilBibl$Z2$F18618 $8I 996 $6245$aNotizia de' vocaboli ecclesiastici, con la dichiarazione delle cerimonie, & origine delli riti sacri, voci barbare, e frasi usate da' santi padri, concilij, e scrittori ecclesiastici; raccolta da Domenico Magri ..$9(OLS)http://semarc/title/80495 996 $6260$aVenezia :$bNella stamperia Baglioni$9(OLS)http://semarc/publisher/36439